000 00403nam a2200169Ia 4500
005 20251020182601.0
008 200515s9999 xx 000 0 und d
082 _aSC/336.12(85)/P45
245 0 _aLey del presupuesto del sector público para el ejercicio fiscal 1979
260 _aLima
260 _c1979
300 _a78
650 _aDECRETO
650 _aLEYES
650 _aPERU
942 _cLIB
999 _c3056
_d3056